Cloud a bezpečnosť dát

V dobe rozvoja informačných technológii si svoje uplatnenie nachádza aj virtualizovanie hardvérových prostriedkov, ktoré tvorí základ rozvoja tzv. cloudových služieb. Služieb poskytovaných cez internet, kde dochádza k zmene destinácie využívaných aplikácii a skladovaných dát z lokálneho priestoru do...

Full description

Saved in:
Bibliographic Details
Main Author: Červenka, Peter, 1976-
Other Authors: Lipianska, Júlia
Format: Book Chapter
Language:Slovak
Subjects:
Tags: Add Tag
No Tags, Be the first to tag this record!

MARC

LEADER 00000nla a2200000 4500
001 0156647
005 20240530103346.1
041 0 |a slo 
044 |a SK 
245 1 0 |a Cloud a bezpečnosť dát  |c Peter Červenka, Júlia Lipianska 
520 |a V dobe rozvoja informačných technológii si svoje uplatnenie nachádza aj virtualizovanie hardvérových prostriedkov, ktoré tvorí základ rozvoja tzv. cloudových služieb. Služieb poskytovaných cez internet, kde dochádza k zmene destinácie využívaných aplikácii a skladovaných dát z lokálneho priestoru do virtuálneho cloudového priestoru. S tým sú spojené aj zaujímavé pohľady na zabezpečenie a dôveru dát, ktoré môžu byť problémom pri rozhodovaní o implementácii cloudu vo firemnom prostredí. 
610 2 0 |a technológie informačné 
610 2 0 |a hardvér 
610 2 0 |a bezpečnosť 
610 2 0 |a dáta 
610 2 0 |a bezpečnosť elektronická 
100 1 |a Červenka, Peter, 1976- 
700 1 |a Lipianska, Júlia